Všetky umelecké rezbárske ...

Bibliographic Details
Main Authors: Červenáková, Dana (Author, Interviewer), Dovala, Juraj (študent) (Author)
Format: Article
Language:Slovak
PhysicalDescription:Fotogr.
Subjects:

MARC

LEADER 00000nab a2200000 ar4500
001 vtls009450880
003 SK-MaSNL
005 20260305034213.0
008 081202c2008 xo qr|p|||||||000 b|slo
038 |a RVGKPD 
040 |a RVGKPD  |b slo  |c RVGKPD  |e AACR2 
041 |a slo 
044 |a xo  |c SK 
080 |a 761.1  |2 1997 
100 1 |a Červenáková, Dana  |4 aut  |4 ivr  |9 655042 
245 1 0 |a Všetky umelecké rezbárske ...  |c D. Červenáková, Juraj Dovala 
300 |b Fotogr. 
650 0 7 |a drevorezba  |2 rvgkpd  |9 31542 
651 7 |a Gemerská Poloma (Slovensko)  |2 rvgkpd  |9 29357 
651 7 |a Rožňava (Slovensko : okres)  |2 rvgkpd  |9 19215 
700 1 |a Dovala, Juraj  |c (študent)  |4 aut  |4 ive  |9 1615383 
773 0 |t Polomské noviny  |g Roč. XIII, č. 3 (október 2008), s. 15 
852 |a RVGKPD  |b KIS3G 
992 |a RBX 
999 |c 3328411  |d 3330341